[Event "AUTO-ADV-4906"]
[Site "http://www.queenalice.com/game.php?id=1866380"]
[Date "2025.11.29"]
[Round "1"]
[White "WHUSIRO"]
[Black "caradepau"]
[Result "1-0"]
[WhiteElo "1878"]
[BlackElo "1711"]

1. e4 e5 2. Nf3 Nc6 3. Bb5 Nge7 4. O-O a6 5. Ba4 b5 6. Bb3 Ng6 7. c3 Bc5 8. d4
Be7 9. d5 Na7 10. Be3 h6 11. Nbd2 d6 12. c4 bxc4 13. Bxc4 c5 14. dxc6 Nxc6 15.
Rc1 Bb7 16. Bd5 Qc7 17. Qb3 O-O 18. Bb6 Qc8 19. g3 Bg5 20. Nxg5 hxg5 21. Bxf7+
Rxf7 22. Nf3 Kf8 23. Nxg5 Qd7 24. Nxf7 Qxf7 25. Qa3 Qe6 26. Qf3+ Ke7 27. Rfd1 a5
28. a3 Rh8 29. Qg2 Qd7 30. Bc5 Nd8 31. Bxd6+ Ke6 32. Bxe5 Qa4 33. Bc3 Nc6 34.
Bxg7 Rg8 35. Qh3+ Kf7 36. Rd7+ Nge7 37. Rxb7 Rxg7 38. Qh5+ Rg6 39. Qf5+ Rf6 40.
Qh7+ Ke6 41. Qh3+ Kd6 42. Qd7+ Ke5 43. Rc5+ Kxe4 44. Qg4+ Kd3 45. Qxa4 Rf5 46.
Rd7+ Ke2 47. Rxf5 Nxf5 48. Qe4+ Ne3 49. Qxe3# 1-0

[Event "AUTO-OPEN-4634"]
[Site "http://www.queenalice.com/game.php?id=1868035"]
[Date "2026.1.15"]
[Round "1"]
[White "SGF"]
[Black "caradepau"]
[Result "1-0"]
[WhiteElo "1700"]
[BlackElo "1723"]

1. e4 e5 2. Qf3 Bc5 3. Bc4 Nf6 4. Qg3 O-O 5. Qxe5 d6 6. Qf4 a6 7. d3 h6 8. h4
Ng4 9. Be3 Bxe3 10. fxe3 Nc6 11. c3 Na5 12. Nd2 Nxc4 13. Nxc4 b5 14. Na5 c5 15.
Nc6 Qd7 16. Na5 b4 17. cxb4 cxb4 18. Nc4 Nf6 19. Nb6 Nh5 20. Nxd7 Nxf4 21. Nxf8
Kxf8 22. Kd2 Ne6 23. Nf3 Rb8 24. b3 a5 25. g4 Nc5 26. g5 Kg8 27. gxh6 gxh6 28.
e5 dxe5 29. Nxe5 Bf5 30. Rac1 Rc8 31. e4 Bh7 32. Ke3 f6 33. Nd7 f5 34. Nxc5 fxe4
35. dxe4 Kf7 36. Rhf1+ Kg6 37. Nb7 Rxc1 38. Rxc1 Kh5 39. Nxa5 Kxh4 40. Nc6 Kg4
41. Nxb4 h5 42. Nd5 h4 43. Nf6+ Kg3 44. Nxh7 h3 45. e5 h2 46. e6 Kg2 47. e7 h1=Q
48. Rxh1 Kxh1 49. e8=Q Kh2 50. Qh5+ Kg2 51. Qf3+ Kh2 52. Ng5 Kg1 53. Qf2+ Kh1
54. Qd2 Kg1 55. Nf3+ Kh1 56. Qh2# 1-0

[Event "AUTO-OPEN-4634"]
[Site "http://www.queenalice.com/game.php?id=1868036"]
[Date "2026.1.15"]
[Round "1"]
[White "caradepau"]
[Black "SGF"]
[Result "0-1"]
[WhiteElo "1741"]
[BlackElo "1682"]

1. e4 e5 2. Bc4 Qf6 3. d3 Bc5 4. Nf3 h6 5. a3 d6 6. h3 g5 7. Qe2 g4 8. hxg4 Bxg4
9. Nc3 c6 10. Be3 Bxe3 11. Qxe3 b5 12. Ba2 a5 13. O-O-O Ne7 14. Kb1 b4 15. axb4
a4 16. Rh4 Bxf3 17. Qxf3 Qxh4 18. Qxf7+ Kd7 19. Qe6+ Kc7 20. g3 Qg5 21. b5 h5
22. bxc6 Nbxc6 23. Nd5+ Nxd5 24. Qxd5 Qg4 25. Qf7+ Kb6 26. Rc1 Raf8 27. Qc4 Rxf2
28. Qxa4 Qe2 29. Qb3+ Kc7 30. Qc3 Rf1 31. Bd5 Rxc1+ 32. Kxc1 Qf1+ 33. Kd2 Qg2+
34. Ke3 Qxg3+ 35. Kd2 Qf2+ 36. Kc1 Qb6 37. Kd2 Ra8 38. Qxc6+ Qxc6 39. Bxc6 Ra2
40. Bd5 Rxb2 41. Kc3 Rb8 42. d4 h4 43. dxe5 dxe5 44. Kc4 h3 45. Be6 h2 46. Kd5
h1=Q 47. Kxe5 Re8 48. c4 Qh6 49. Kd5 Qxe6+ 50. Kc5 Qxe4 51. Kb5 Qc6+ 52. Kb4 Re4
53. Ka5 Qb6+ 54. Ka4 Re1 55. Ka3 Ra1# 0-1

[Event "AUTO-OPEN-4634"]
[Site "http://www.queenalice.com/game.php?id=1868057"]
[Date "2026.1.15"]
[Round "1"]
[White "Jomaley"]
[Black "caradepau"]
[Result "1-0"]
[WhiteElo "1461"]
[BlackElo "1700"]

1. e4 e5 2. h4 Bc5 3. Qf3 d6 4. d3 h6 5. g4 Nf6 6. Bh3 a6 7. g5 hxg5 8. Bxc8
Qxc8 9. Bd2 Nc6 10. Bc3 gxh4 11. Qg2 Ng4 12. f3 g6 13. fxg4 Qe6 14. Nf3 O-O-O
15. Rxh4 Rxh4 16. Nxh4 Bb4 17. Bxb4 Nd4 18. Nc3 Rh8 19. Nf3 Nxf3+ 20. Qxf3 Qe7
21. Nd5 Qe6 22. c4 Rh4 23. O-O-O Rxg4 24. Nf6 Rf4 25. Qe3 Qxf6 26. Qa7 Qg5 27.
c5 Rxe4+ 28. Bd2 Qf5 29. Qa8+ Kd7 30. dxe4 Qxe4 31. cxd6 cxd6 32. Bg5 Qc4+ 33.
Kb1 Qe4+ 34. Ka1 Ke6 35. Qe8+ Kf5 36. Qxf7+ Kg4 37. Rg1+ Kh5 38. Qh7# 1-0

[Event "AUTO-INT-3942"]
[Site "http://www.queenalice.com/game.php?id=1869141"]
[Date "2026.2.12"]
[Round "2"]
[White "dosoldini"]
[Black "caradepau"]
[Result "1-0"]
[WhiteElo "1635"]
[BlackElo "1661"]

1. e4 e5 2. Nf3 Nc6 3. d4 exd4 4. Nxd4 Nge7 5. Bc4 h6 6. O-O a6 7. Bd5 Nxd5 8.
exd5 Ne7 9. Nc3 c6 10. Be3 g5 11. d6 Nd5 12. Nxd5 cxd5 13. Nb3 Bxd6 14. Qxd5 Qc7
15. Nd4 Bxh2+ 16. Kh1 Be5 17. Rae1 O-O 18. Nf3 Bxb2 19. Nxg5 hxg5 20. Qxg5+ Kh7
21. Qf5+ Kg8 22. Bh6 d6 23. Qg5+ Kh7 24. Bxf8 b5 25. Re7 Qxc2 26. Qh6+ Kg8 27.
Re8 Bb7 28. Rxa8 Bxa8 29. Qxd6 Qh7+ 30. Bh6 Qg6 31. Qf8+ Kh7 32. Qxa8 Qh5+ 33.
Kg1 Qxh6 34. Qe4+ Kg7 35. g4 Qh3 36. Qg2 Qxg2+ 37. Kxg2 Kg6 38. f4 f5 39. Kg3
fxg4 40. Kxg4 b4 41. Rd1 a5 42. Rd6+ Kf7 43. Ra6 Bf6 44. Rxa5 Bc3 45. Rh5 Bd4
46. Rg5 b3 47. axb3 Bf6 48. Rf5 Kg6 49. Rxf6+ Kxf6 50. b4 Kg6 51. b5 Kh6 52. b6
Kg6 53. b7 Kf7 54. b8=Q Kf6 55. Qe5+ Kg6 56. f5+ Kh6 57. Qf6+ Kh7 58. Qe7+ Kh6
59. Qf6+ Kh7 60. Qg6+ Kh8 61. Qe8+ Kg7 62. Kg5 Kh7 63. Qh5+ Kg8 64. Kf6 Kf8 65.
Qf7# 1-0